000 00598nam a2200229Ia 4500
003 OSt
005 20221007070836.0
006 a|||||r|||| 00| 0
007 ta
008 221006b |||||||| |||| 00| 0 eng d
024 _a22,018
037 _cTextual
040 _aFLL
_cFLL
_beng
041 _2eng
_aeng
082 _aZ2,985, M1
100 _aUpadhyay B.T.
_9687800
245 0 _aKey to law of promissory notes
260 _aIndore
_bLegal Need India
_c1981
300 _aviii,132p
_ccm.
942 _hZ2,985, M1
_cTEXL
_2CC
999 _c1141692
_d1141692